000
00287nam a22001337a 4500
008
250505b |||||||| |||| 00| 0 eng d
020
_a
0192875442
050
_a
PG3385
_b
.G54
100
_a
Gifford, HENRY
245
_a
TOLSTOY
260
_a
Toronto
_c
1982
300
_a
88p.
942
_c
BK
999
_c
3279
_d
3279